Tuyển tập Nam Cao Tuyển tập truyện ngắn Nam Cao Tập 1

Bewaard in:
Bibliografische gegevens
Hoofdauteur: Nam Cao (Tác giả)
Formaat: Boek
Taal:Vietnamese
Gepubliceerd in: H. Thanh niên 2008
Reeks:Văn học Việt Nam hiện đại
Onderwerpen:
Tags: Voeg label toe
Geen labels, Wees de eerste die dit record labelt!
Thư viện lưu trữ: Mạng thư viện Đại học Đà Nẵng
LEADER 01237nam a2200385 4500
001 000005912
003 2065
005 20120510080550.0
008 110825s2008 viesd
020 |c 66000đ 
041 0 |a vie 
082 |a 895.9223  |b NA-C 
100 0 |a Nam Cao 
245 1 0 |a Tuyển tập Nam Cao  |b Tuyển tập truyện ngắn Nam Cao  |c Nam Cao  |n Tập 1 
260 |a H.  |b Thanh niên  |c 2008 
300 |a 509 tr  |c 19 cm 
490 |a Văn học Việt Nam hiện đại 
504 |a Tập 1 
653 |a Văn học hiện đại 
653 |a Việt Nam 
653 |a Tuyển tập 
653 |a Truyện ngắn 
700 |a Nam Cao  |e Tác giả 
773 |t Tuyển tập Nam Cao  |w 2064 
910 |a Nguyễn Thị Kim Oanh  |d 25/08/2011 
OWN |a LSP 
AVA |a UDN50  |b LSP  |d 895.9223 NA-C  |e available  |t Error 5001 Not defined in file expand_doc_bib_avail.  |f 9  |g 0  |h N  |i 0  |k 1 
999 |a From the UDN01 
AVA |a UDN50  |b LSP  |d 895.9223 NA-C  |e available  |t Error 5001 Not defined in file expand_doc_bib_avail.  |f 9  |g 0  |h N  |i 0  |k 1 
TYP |a Monograph 
TYP |a Printed language 
980 |a Mạng thư viện Đại học Đà Nẵng